<?xml version="1.0" encoding="UTF-8"?><?xml-stylesheet type="text/xsl" href="static/style.xsl"?><OAI-PMH xmlns="http://www.openarchives.org/OAI/2.0/" xmlns:xsi="http://www.w3.org/2001/XMLSchema-instance" xsi:schemaLocation="http://www.openarchives.org/OAI/2.0/ http://www.openarchives.org/OAI/2.0/OAI-PMH.xsd"><responseDate>2026-06-06T19:03:01Z</responseDate><request verb="GetRecord" identifier="oai:riuma.uma.es:10630/5043" metadataPrefix="marc">https://riuma.uma.es/rest/oai/request</request><GetRecord><record><header><identifier>oai:riuma.uma.es:10630/5043</identifier><datestamp>2026-02-03T12:55:28Z</datestamp><setSpec>com_10630_4717</setSpec><setSpec>com_10630_3139</setSpec><setSpec>com_10630_10</setSpec><setSpec>col_10630_5024</setSpec></header><metadata><record xmlns="http://www.loc.gov/MARC21/slim" xmlns:dcterms="http://purl.org/dc/terms/" xmlns:doc="http://www.lyncode.com/xoai" xmlns:xsi="http://www.w3.org/2001/XMLSchema-instance" xsi:schemaLocation="http://www.loc.gov/MARC21/slim http://www.loc.gov/standards/marcxml/schema/MARC21slim.xsd">
   <leader>00925njm 22002777a 4500</leader>
   <datafield ind2=" " ind1=" " tag="042">
      <subfield code="a">dc</subfield>
   </datafield>
   <datafield ind2=" " ind1=" " tag="720">
      <subfield code="a">Guirado Zamora, M. Remedios</subfield>
      <subfield code="e">author</subfield>
   </datafield>
   <datafield ind2=" " ind1=" " tag="260">
      <subfield code="c">2012</subfield>
   </datafield>
   <datafield ind2=" " ind1=" " tag="520">
      <subfield code="a">En la actualidad vemos como los medios de comunicación, y como es nuestro caso los&#xd;
periódicos, han incorporado a su estrategia de comunicación herramientas 2.0 como es el&#xd;
caso de las Redes Sociales, y como los usuarios participan activamente en dichas&#xd;
plataformas, en concreto a través de Facebook. La aparición de estas herramientas ha&#xd;
generado flujos favorables de información entre el medio y su receptor, que de otra forma&#xd;
hubiesen sido impensables. Además de contribuir a compartir conocimientos y recursos de&#xd;
forma visible, y a ahorrar en gastos a la hora de conseguir todo lo anterior.&#xd;
Los periódicos han dejado atrás el carácter impersonal y estático, que de alguna forma&#xd;
estaba acabando con ellos, para dar paso a una comunicación cada vez más personal, activa&#xd;
y lo que es más importante interactiva. Cambios que en gran medida están unidos a la&#xd;
aparición de un nuevo usuario, activo, inconformista que necesita consumir información&#xd;
actual y a cada momento y que a su vez participa activamente en esa información a través&#xd;
de sus comentarios, tal y como se mostrará en el presente artículo.&#xd;
En definitiva lo que se pretende con este estudio es mostrar que la comunicación 2.0 a&#xd;
través del uso de las Redes Sociales como herramientas de comunicación dentro de los&#xd;
medios de comunicación es un hecho.</subfield>
   </datafield>
   <datafield ind1="8" ind2=" " tag="024">
      <subfield code="a">2174-3681</subfield>
   </datafield>
   <datafield ind1="8" ind2=" " tag="024">
      <subfield code="a">http://hdl.handle.net/10630/5043</subfield>
   </datafield>
   <datafield tag="653" ind2=" " ind1=" ">
      <subfield code="a">Redes sociales</subfield>
   </datafield>
   <datafield tag="653" ind2=" " ind1=" ">
      <subfield code="a">Medios de comunicación social</subfield>
   </datafield>
   <datafield ind2="0" ind1="0" tag="245">
      <subfield code="a">La interacción de los públicos en Facebook. El caso de los periódicos en Andalucía</subfield>
   </datafield>
</record>
</metadata></record></GetRecord></OAI-PMH>